00382nam a22001337a 450000500170000000800410001702000190005804100080007708000170008510000180010224500610012026400390018130000280022020240329100635.0240329s2014 gw ||||| |||| 00| 0 ger d a9780500291399x ager a659.127 O-45 aOlins, Wally aBrand New: bThe Shape of Brands to Come /cWally Olins. aLondon :bThames & Hudson, c2014. a200 p. :bill.;c24 cm.